[Event "FRA-chT4 0809"]
[Site "France "]
[Date "2009.01.18"]
[Round "4.3"]
[White "Schertzer, Jeremie"]
[Black "Ramahef, Eric"]
[Result "0-1"]
[WhiteElo "1830"]
[BlackElo "2110"]
[PlyCount "54"]
[EventDate "2008.10.??"]
[EventType "team-tourn"]
[EventRounds "9"]
[EventCountry "FRA"]
[SourceTitle "EXT 2010"]
[Source "ChessBase"]
[SourceDate "2010.11.25"]
[SourceVersion "1"]
[SourceVersionDate "2010.11.25"]
[SourceQuality "1"]

1. d4 Nf6 2. Nf3 g6 3. Bf4 Bg7 4. Nbd2 0-0 5. e4 d6 6. c3 c6 7. h3 Nbd7 8. g4 Qc7 9. Bc4 b5 10. Bb3 e5 11. dxe5 dxe5 12. Bg3 c5 13. a4 Bb7 14. axb5 Nxe4 15. Nxe4 Bxe4 16. Bd5 Bxd5 17. Qxd5 Rac8 18. 0-0 Nb6 19. Qd2 Rcd8 20. Qc2 c4 21. Rfe1 Rfe8 22. Re3 Qc5 23. b4 cxb3 24. Qxb3 e4 25. Ne1 Nd5 26. Bd6 Rxd6 27. Nd3 Qc7 0-1